Normale Ansicht MARC-Ansicht ISBD

Muslime und das Christfest (Titelsatznr. 80193)

[ MARC ]
MARC-Details
000 -Satzkennung
Kontrollfeld mit fester Länge 00638nam a22001577a 4500
008 - Feld mit fester Länge zur physischen Beschreibung - Allgemeine Angaben
Kontrollfeld mit fester Länge 201127b ||||| |||| 00| 0 eng d
040 ## - Katalogisierungsquelle
Original-Katalogisierungsstelle ISIL EINTRAGEN
Katalogisierungssprache ger
Übertragungsstelle STAFF
Beschreibungsfestlegungen rda
041 ## - Sprachcode
Sprachcode des Textes/der Tonspur oder des separaten Titels ger
100 ## - Person oder Familie als 1. geistiger Schöpfer
Personenname Mahlke, Lisa
245 ## - Titel
Haupttitel Muslime und das Christfest
Titelzusatz Kennenlernen: Die Evangelische Kirchengemeinde und der CVJM haben zwei Praktikanten aus Syrien. Für drei Monate arbeiten sie zusammen.
773 ## - Übergeordnete Einheit
Verknüpfungsangaben 31. Jahrgang (2020) Nr. 274 vom 24.11.2020, S. 15
Ort, Verlag und Erscheinungsjahr Frankfurt (Oder) Märkisches Verlags- und Druckhaus GmbH & Co KG
Titel Märkische Oderzeitung
942 ## - Zusätzliche Felder (Koha)
Koha-Medientyp Aufsätze
Exemplare
Ausgeschieden Verloren Beschädigt Nicht entleihbar Permanenter Standort Aktueller Standort Eingabedatum Anzahl Ausleihen Signatur Letzte Aktivität Preis gültig von Medientyp
        Stadtarchiv Frankfurt (Oder) | Archivbibliothek Stadtarchiv Frankfurt (Oder) | Archivbibliothek 27/11/2020   Z2 27/11/2020 27/11/2020 Aufsätze